| 000 | 06905cam a22019934i 4500 | ||
|---|---|---|---|
| 001 | u154561 | ||
| 003 | PE-LiUPU | ||
| 005 | 20250813165329.0 | ||
| 008 | 150922s2014 sp a rb 000 0 spa | ||
| 020 | _a8425432731 | ||
| 020 | _a9788425432736 | ||
| 035 | _a(Sirsi) i9788425432736 | ||
| 040 |
_aSpMaBN _bspa _cSpMaBN _dPE-LiUPU _erda |
||
| 049 | _aPRUA | ||
| 080 | _a615.851 | ||
| 082 | 0 | 4 |
_a615.851 _bB43 |
| 082 | 0 | 4 |
_a615.851 _bB49 2014 |
| 082 | 0 | 4 |
_a616.8914 _bB49 _223 |
| 100 | 1 |
_aBeyebach, Mark _eautor. |
|
| 245 | 1 | 0 |
_a24 ideas para una psicoterapia breve / _cMark Beyebach. |
| 246 | 3 | _aVeinticuatro ideas para una psicoterapia breve | |
| 250 | _aSegunda edición revisada. | ||
| 264 | 1 |
_a[Barcelona] : _bHerder, _c[2014]. |
|
| 300 |
_a378 páginas ; _c22 centímetros |
||
| 336 |
_atext _2rdacontent |
||
| 337 |
_aunmediated _2rdamedia |
||
| 338 |
_avolume _2rdacarrier |
||
| 490 | 0 | _aTerapia breve | |
| 504 | _aBibliografía : páginas 357-378. | ||
| 505 | 0 | _a¿Para qué acortar la psicoterapia? -- Algunos principios teóricos para una terapia breve -- ¡El teléfono también puede ser terapéutico! -- Una terapia amable: recibir y orientar -- Eres mucho más que un problema: sacando partido a la fase social -- Un contrato claro facilita la terapia: negocia cuidadosamente el proyecto de trabajo -- Hablar idiomas facilita el viaje(terapéutico): utiliza y encauza el lenguaje de los consultantes -- Aprendiendo de experiencias terapéuticas anteriores -- A lo mejor la terapia ya está terminando antes de empezar: los cambios pretratamiento -- Empezar por el final mediante las técnicas de proyección al futuro -- Las preguntas de afrontamiento: buscando pepitas de oro en el lodo de los problemas -- Que los números trabajen por ti: las preguntas de escala -- A grandes males, remedios pequeños: las técnicas de supervivencia -- ¡Tómate un respiro! -- ¡Elogia, que algo queda! -- La utilización de tareas para aprovechar el tiempo entre sesiones -- Aprovechando el feedback de los consultantes para acortar la terapia -- ¡Pregunta por las mejorías! -- Prevenir recaídas es una forma de ser optimista -- El <efecto mariposa>: perturbando la secuencia problema -- Cuando la solución es el problema: desbloqueando círculos viciosos -- Todo depende del color del cristal con que se mire: el arte de la redefinición -- El empleo de metáforas para acortar la psicoterapia -- Externalizando el problema para derrotarlo -- ¡Aprende de las posibles recaídas ¡-- Bien está lo que bien acaba: técnicas y rituales para el cierre de la terapia. | |
| 526 | _aP203 | ||
| 526 | _aP200 | ||
| 526 | _aSEG65 | ||
| 526 | _aSEG64 | ||
| 526 | _aSEG63 | ||
| 526 | _aSEG62 | ||
| 526 | _aSEG61 | ||
| 526 | _aSEG60 | ||
| 526 | _aSEG59 | ||
| 526 | _aSEG58 | ||
| 526 | _aSEG57 | ||
| 526 | _aSEG56 | ||
| 526 | _aSEG55 | ||
| 526 | _aSEG54 | ||
| 526 | _aSEG53 | ||
| 526 | _aSEG52 | ||
| 526 | _aSEG51 | ||
| 526 | _aSEG50 | ||
| 526 | _aSEG49 | ||
| 526 | _aSEG48 | ||
| 526 | _aSEG47 | ||
| 526 | _aSEG46 | ||
| 526 | _aSEG24 | ||
| 526 | _aSEG23 | ||
| 526 | _aSEG22 | ||
| 526 | _aSEG21 | ||
| 526 | _aSEG20 | ||
| 526 | _aSEG19 | ||
| 526 | _aSEG18 | ||
| 526 | _aSEG17 | ||
| 526 | _aSEG16 | ||
| 526 | _aSEG14 | ||
| 526 | _aSEG13 | ||
| 526 | _aSEG12 | ||
| 526 | _aSEG11 | ||
| 526 | _aSEG10 | ||
| 526 | _aSEG09 | ||
| 526 | _aSEG06 | ||
| 526 | _aSEG05 | ||
| 526 | _aSEG04 | ||
| 526 | _aSEG03 | ||
| 526 | _aSEG02 | ||
| 526 | _aSEG68 | ||
| 526 | _aSEG66 | ||
| 526 | _aSEG45 | ||
| 526 | _aSEG25 | ||
| 526 | _aSEG01 | ||
| 526 | _aP163 | ||
| 526 | _aP162 | ||
| 526 | _aP161 | ||
| 526 | _aP160 | ||
| 526 | _aP159 | ||
| 526 | _aP158 | ||
| 526 | _aP157 | ||
| 526 | _aP156 | ||
| 526 | _aP155 | ||
| 526 | _aP154 | ||
| 526 | _aP153 | ||
| 526 | _aP152 | ||
| 526 | _aP151 | ||
| 526 | _aP150 | ||
| 526 | _aP149 | ||
| 526 | _aP142 | ||
| 526 | _aP141 | ||
| 526 | _aP140 | ||
| 526 | _aP139 | ||
| 526 | _aP138 | ||
| 526 | _aP137 | ||
| 526 | _aP132 | ||
| 526 | _aP131 | ||
| 526 | _aP130 | ||
| 526 | _aP126 | ||
| 526 | _aP125 | ||
| 526 | _aP124 | ||
| 526 | _aP123 | ||
| 526 | _aP115 | ||
| 526 | _aP122 | ||
| 526 | _aP121 | ||
| 526 | _aP116 | ||
| 526 | _a P114 | ||
| 526 | _aP112 | ||
| 526 | _aP111 | ||
| 526 | _aP104 | ||
| 526 | _aP103 | ||
| 526 | _aP102 | ||
| 526 | _aP101 | ||
| 526 | _aP100 | ||
| 526 | _aP96 | ||
| 526 | _aP95 | ||
| 526 | _aP93 | ||
| 526 | _aP92 | ||
| 526 | _aP91 | ||
| 526 | _aP88 | ||
| 526 | _aP83 | ||
| 526 | _aP82 | ||
| 526 | _aP79 | ||
| 526 | _aP78 | ||
| 526 | _aP75 | ||
| 526 | _aP74 | ||
| 526 | _aP71 | ||
| 526 | _aP69 | ||
| 526 | _a P51 | ||
| 526 | _aP49 | ||
| 526 | _aP48 | ||
| 526 | _aP47 | ||
| 526 | _aP33 | ||
| 526 | _aP31 | ||
| 526 | _a P30 | ||
| 526 | _aP29 | ||
| 526 | _aP27 | ||
| 526 | _aP26 | ||
| 526 | _aP25 | ||
| 526 | _aP24 | ||
| 526 | _a P22 | ||
| 526 | _aP10 | ||
| 526 | _aP09 | ||
| 526 | _a P08 | ||
| 526 | _aP06 | ||
| 526 | _aP05 | ||
| 526 | _aP04 | ||
| 526 | _aP01 | ||
| 541 | _g001-0039831; | ||
| 541 | _g0020-002984; | ||
| 541 | _g002-00000796; | ||
| 596 | _a1 2 3 | ||
| 650 | 7 |
_aPsicoterapia breve. _2embne |
|
| 910 |
_ajck _b _ccce _d20150922 |
||
| 910 |
_ctqv _d20170822 |
||
| 910 |
_adbm _bksl _cksl _d20190305 |
||
| 942 |
_2ddc _cBOOK |
||
| 994 |
_aC0 _bPEPRU |
||
| 949 |
_a615.851 B43 _wDEWEY _c1 _iFT02932 _lCCODEBUT1 _mBUT _r0 _sY _tBOOK _u2015-9-23 _xSALUD _o.STAFF. Colección General |
||
| 949 |
_a615.851 B49 2014 _wDEWEY _c1 _iFJ08578 _f2017-12-28 _g1 _lCCODEBUJ1 _mBUJ _p38.00 _r0 _sY _tBOOK _u2017-8-22 _xSALUD _PP33 _0COMPRA _o.STAFF. Colección General Juliaca |
||
| 949 |
_a615.851 B49 2014 _wDEWEY _c2 _iFJ08579 _d2017-9-29 _f2017-12-28 _g1 _lCCODEBUJ1 _mBUJ _p38.00 _q1 _r0 _sY _tBOOK _u2017-8-22 _xSALUD _PP33 _0COMPRA _o.STAFF. Colección General Juliaca |
||
| 999 |
_a615.851 B43 _wDEWEY _c7264 _iFT02932 _f2019-2-20 _g1 _lCCODEBUT1 _mBUT _r0 _sY _tBOOK _u2015-9-23 _xSALUD _zP33 _o.STAFF. Colección General _d7264 |
||
| 999 |
_a615.851 B49 2014 _wDEWEY _c1 _iFJ08578 _d2019-8-29 _e2019-8-27 _f2022-1-25 _g4 _lCCODEBUJ1 _mBUJ _n1 _p38.00 _q1 _r0 _sY _tBOOK _u2017-8-22 _xSALUD _zP33 _0COMPRA _o.STAFF. Colección General Juliaca |
||
| 999 |
_a615.851 B49 2014 _wDEWEY _c2 _iFJ08579 _d2018-6-25 _f2022-1-25 _g4 _lCCODEBUJ1 _mBUJ _p38.00 _q2 _r0 _sY _tBOOK _u2017-8-22 _xSALUD _zP33 _0COMPRA _o.STAFF. Colección General Juliaca |
||
| 999 |
_a616.8914 B49 _wDEWEY _c1 _i79836 _d2022-7-11 _e2022-7-8 _f2021-11-4 _g3 _lCCODEBUL1 _mBUL _n32 _p39.31 _q4 _r0 _sY _tBOOK _u2019-3-5 _xSALUD _zP33 _0COMPRA _1FCOMPR2 _o.STAFF. Colección Ciencias de la Salud |
||
| 980 |
_81 _gALBERTO SANCHEZ Responsable de Automatización |
||